[Event "AUTO-ELITE-2224"]
[Site "http://www.queenalice.com/game.php?id=1608072"]
[Date "2020.4.17"]
[Round "1"]
[White "C64"]
[Black "parapunzi"]
[Result "1-0"]
[WhiteElo "2699"]
[BlackElo "2670"]

1. e4 c5 2. Nf3 e6 3. d4 cxd4 4. Nxd4 a6 5. Nc3 Qc7 6. Bd3 Nf6 7. O-O Nc6 8.
Nxc6 dxc6 9. f4 Bc5+ 10. Kh1 e5 11. a4 O-O 12. Qe1 b6 13. f5 h6 14. g4 Nh7 15.
Qg3 Qd6 16. h4 a5 17. g5 Kh8 18. Nd1 Ba6 19. Bxa6 Rxa6 20. Ne3 Bxe3 21. Bxe3
Raa8 22. Kh2 h5 23. Qf3 g6 24. Rad1 Qb4 25. Bd2 Qxa4 26. Bc3 Qb5 27. Rd7 Rae8
28. Rfd1 Qc5 29. R1d6 a4 30. b4 axb3 31. cxb3 b5 32. b4 Qc4 33. Kg3 Rg8 34. Rd4
exd4 35. Rxd4 Qxc3 36. Qxc3 gxf5 37. Rd7+ 1-0

[Event "AUTO-ELITE-2246"]
[Site "http://www.queenalice.com/game.php?id=1617881"]
[Date "2020.6.24"]
[Round "1"]
[White "beteljeuxe"]
[Black "C64"]
[Result "0-1"]
[WhiteElo "2078"]
[BlackElo "2698"]

1. e4 c5 2. Nf3 d6 3. d4 cxd4 4. Nxd4 Nf6 5. Nc3 a6 6. Be3 e5 7. Nb3 Be6 8. f3
h5 9. Nd5 Bxd5 10. exd5 Nbd7 11. Qd2 g6 0-1

[Event "AUTO-ELITE-2246"]
[Site "http://www.queenalice.com/game.php?id=1629500"]
[Date "2020.10.10"]
[Round "2"]
[White "C64"]
[Black "Sexxy_Bunny"]
[Result "1/2-1/2"]
[WhiteElo "2729"]
[BlackElo "2790"]

1. e4 c5 2. Nf3 d6 3. d4 cxd4 4. Nxd4 Nf6 5. Nc3 a6 6. Be3 e5 7. Nb3 Be6 8. f3
Nbd7 9. g4 Nb6 10. g5 Nh5 11. Qd2 Be7 12. O-O-O O-O 13. Rg1 Rc8 14. Kb1 g6 15.
Qf2 Nc4 16. Bxc4 Bxc4 17. Na4 Be6 18. Nb6 Rc7 19. Nd5 Bxd5 20. Rxd5 Qe8 21. Rd3
b5 22. h4 Qd7 23. a3 f5 24. gxf6 Nxf6 25. Rg2 Rf7 26. Qd2 Qh3 27. Bg5 Nh5 28.
Rg1 Nf4 29. Bxe7 Rfxe7 30. Rxd6 Qxf3 31. Rxa6 Qxe4 32. Re1 Qc4 33. Rd6 Kg7 34.
Na5 Qc5 35. Re4 Nh5 36. b4 Qc3 37. Qxc3 Rxc3 38. Rd5 Nf6 39. Rdxe5 Rec7 40. Re7+
Kf8 41. Rxc7 Nxe4 42. Rxc3 Nxc3+ 43. Kb2 Na4+ 44. Kb3 h5 45. c4 g5 46. cxb5 Nb6
47. Nc4 gxh4 48. Nd2 h3 49. Nf1 Ke7 50. a4 Kd6 51. a5 Nd5 52. Kc4 Nf6 53. Kd4
Nd5 54. Kc4 h4 55. Nh2 Nf6 56. Kd4 Nd7 57. Nf3 Kc7 58. b6+ Kc6 59. Kc4 Nf6 60.
b5+ Kb7 61. Kc5 Ne4+ 62. Kb4 Nd6 63. Kc5 Ne4+ 64. Kb4 Nd6 65. Kc5 Ne4+ 1/2-1/2

[Event "AUTO-ELITE-2246"]
[Site "http://www.queenalice.com/game.php?id=1629501"]
[Date "2020.10.10"]
[Round "2"]
[White "Sexxy_Bunny"]
[Black "C64"]
[Result "0-1"]
[WhiteElo "2791"]
[BlackElo "2743"]

1. e4 c6 2. d4 d5 3. e5 Bf5 4. Nf3 e6 5. Be2 Nd7 6. O-O Ne7 7. Nbd2 h6 8. Nb3 g5
9. Ne1 Qc7 10. Nd3 Ng6 11. Be3 O-O-O 12. Bg4 Be4 13. f3 Bxd3 14. Qxd3 Kb8 15. c3
c5 16. Nc1 Ndxe5 17. dxe5 Nxe5 18. Qe2 d4 19. cxd4 cxd4 20. Bf2 h5 21. Bh3 g4
22. Bg3 Bd6 23. fxg4 hxg4 24. Bxg4 f5 25. Bh5 Rdg8 26. Bf4 Nc4 27. Qxc4 Qxc4 28.
Bxd6+ Ka8 29. Bf3 Qb5 30. a4 Qb6 31. Bf4 d3+ 32. Kh1 Qd4 33. Ra3 e5 34. Rxd3
Qxf4 35. Bxb7+ Kxb7 36. Rxf4 exf4 37. Kg1 Re8 38. Kf2 Rxh2 39. Ne2 Re4 40. Rd7+
Kb8 41. Rf7 Rxa4 42. Rf8+ Kc7 43. Nc3 Ra5 44. b4 Re5 45. Rf7+ Kd6 46. Rxa7 Rh1
47. Ra6+ Ke7 48. Ra2 Rc1 49. Ne2 Rc4 50. Rb2 Kf6 51. b5 Ree4 52. Kf3 Ke5 53. Kf2
Rb4 54. Ra2 Rec4 55. Ng1 Rxb5 56. Nh3 Rcb4 57. Re2+ Kf6 58. Re8 Rb2+ 59. Kf3
R5b3+ 60. Kxf4 Rxg2 61. Rf8+ Kg7 62. Rd8 Rxh3 63. Rd7+ Kg6 64. Rd6+ Kh5 65. Rd7
Rf2+ 66. Ke5 f4 67. Kf5 Kh4 68. Rg7 Re3 69. Rh7+ Kg3 70. Rg7+ Kh2 71. Rh7+ Rh3
72. Rc7 Kg2 73. Rb7 f3 74. Ke5 Rd2 75. Rg7+ Rg3 76. Rf7 f2 77. Rf6 Rd1 78. Rxf2+
Kxf2 79. Ke6 Rc1 80. Kd6 Rg6+ 81. Kd7 Rh1 82. Ke7 Rh7+ 83. Kf8 Kf3 0-1

[Event "AUTO-OPEN-4228"]
[Site "http://www.queenalice.com/game.php?id=1632890"]
[Date "2020.11.14"]
[Round "1"]
[White "abh"]
[Black "C64"]
[Result "0-1"]
[WhiteElo "2003"]
[BlackElo "2720"]

1. d4 Nf6 2. Nc3 d5 3. Nf3 e6 4. e3 c5 5. Bb5+ Nbd7 6. O-O a6 7. Bxd7+ Bxd7 8.
a4 Qc7 9. Bd2 Bd6 10. h3 O-O 11. b3 Rfe8 12. Re1 Rac8 13. Rc1 Red8 14. Qe2 cxd4
15. exd4 Ba3 16. Rb1 Bb4 17. Nxd5 Nxd5 18. c4 Nf4 19. Qe3 Bxd2 20. Nxd2 Bc6 21.
f3 Qd6 22. Ne4 Bxe4 23. Qxe4 f5 24. Qe3 Qxd4 25. Qxd4 Rxd4 26. Rbd1 Rcd8 27.
Rxd4 Rxd4 28. Re3 Kf7 29. g4 Nxh3+ 30. Kh2 f4 31. Rc3 Ng5 32. Kg2 e5 33. Kf2 e4
34. Ke2 exf3+ 35. Ke1 f2+ 36. Kxf2 Ne4+ 0-1

[Event "AUTO-OPEN-4228"]
[Site "http://www.queenalice.com/game.php?id=1632891"]
[Date "2020.11.14"]
[Round "1"]
[White "C64"]
[Black "abh"]
[Result "1-0"]
[WhiteElo "2711"]
[BlackElo "1933"]

1. e4 e5 2. Nf3 Nc6 3. Bc4 Nf6 4. d3 Bb4+ 5. c3 Ba5 6. b4 Bb6 7. a4 a5 8. b5 Ne7
9. Nxe5 d5 10. exd5 Nfxd5 11. O-O h6 12. Ba3 Be6 13. Qb3 O-O 14. Bxe7 Qxe7 15.
Bxd5 Bf5 16. d4 Be6 17. Bxe6 Qxe6 18. Qxe6 fxe6 19. Nd2 Rac8 20. Ndc4 Ba7 21.
Nxa5 b6 22. Nac6 Ra8 23. f3 Kh7 24. Kf2 Rf4 25. a5 Rff8 26. a6 g5 27. Ke3 Kg7
28. g4 Rf4 29. Nd3 Rff8 30. f4 1-0

[Event "AUTO-OPEN-4228"]
[Site "http://www.queenalice.com/game.php?id=1632916"]
[Date "2020.11.14"]
[Round "1"]
[White "Squarepants"]
[Black "C64"]
[Result "0-1"]
[WhiteElo "2150"]
[BlackElo "2710"]

1. e4 c5 2. Nf3 d6 3. d4 cxd4 4. Nxd4 Nf6 5. Nc3 a6 6. Be3 e5 7. Nb3 Be6 8. Qd2
Nbd7 9. f3 h5 10. Be2 Rc8 11. O-O Be7 12. f4 b5 13. f5 Bc4 14. Bd3 b4 15. Ne2
O-O 16. Qxb4 Ng4 17. Qd2 d5 0-1

[Event "AUTO-OPEN-4228"]
[Site "http://www.queenalice.com/game.php?id=1632917"]
[Date "2020.11.14"]
[Round "1"]
[White "C64"]
[Black "Squarepants"]
[Result "1-0"]
[WhiteElo "2709"]
[BlackElo "2151"]

1. e4 c5 2. Nf3 d6 3. d4 cxd4 4. Nxd4 Nf6 5. Nc3 g6 6. Be3 Bg7 7. f3 O-O 8. Qd2
Nc6 9. Bc4 Bd7 10. O-O-O Rc8 11. Bb3 Ne5 12. Kb1 a6 13. h4 h5 14. g4 hxg4 15. h5
Nxh5 16. Rdg1 b5 17. Nd5 gxf3 18. Nf5 Nc4 19. Ndxe7+ 1-0

[Event "AUTO-OPEN-4228"]
[Site "http://www.queenalice.com/game.php?id=1632932"]
[Date "2020.11.14"]
[Round "1"]
[White "milo_krokodil4e"]
[Black "C64"]
[Result "0-1"]
[WhiteElo "1671"]
[BlackElo "2707"]

1. e4 c5 2. Nf3 d6 3. d4 cxd4 4. Nxd4 Nf6 5. Nc3 a6 6. Be2 e5 7. Nb3 Be7 8. O-O
O-O 9. a4 Be6 10. Be3 Nc6 11. f4 d5 12. Nxd5 Bxd5 13. exd5 Nxd5 14. Qd2 Nxe3 15.
Qxe3 exf4 16. Qxf4 Bd6 17. Qf5 Qc7 18. Qh3 Rae8 19. Bd3 g6 0-1

[Event "AUTO-OPEN-4228"]
[Site "http://www.queenalice.com/game.php?id=1632933"]
[Date "2020.11.14"]
[Round "1"]
[White "C64"]
[Black "milo_krokodil4e"]
[Result "1-0"]
[WhiteElo "2706"]
[BlackElo "1740"]

1. e4 e5 2. Nf3 Nc6 3. Bc4 Nf6 4. d3 Be7 5. O-O O-O 6. Re1 d6 7. a4 Bg4 8. c3
Qd7 9. Nbd2 Rfe8 10. h3 Bxf3 11. Nxf3 Bf8 12. Bg5 d5 13. exd5 Nxd5 14. a5 f6 15.
Bd2 a6 16. d4 Kh8 17. Qb3 Nf4 18. Bxf4 exf4 19. Rxe8 1-0

[Event "Alisa"]
[Site "http://www.queenalice.com/game.php?id=1637547"]
[Date "2020.12.25"]
[Round "2"]
[White "Robi"]
[Black "C64"]
[Result "1/2-1/2"]
[WhiteElo "2764"]
[BlackElo "2741"]

1. e4 c5 2. Nf3 d6 3. d4 cxd4 4. Nxd4 Nf6 5. Nc3 a6 6. Bg5 e6 7. f4 Qb6 8. Qd2
Qxb2 9. Rb1 Qa3 10. e5 h6 11. Bh4 dxe5 12. fxe5 g5 13. exf6 gxh4 14. Be2 Qa5 15.
O-O Nd7 16. Kh1 Qg5 17. Rf4 e5 18. Nd5 exd4 19. Qxd4 Bc5 20. Qe4+ Kd8 21. Rf5
Re8 22. Qxe8+ Kxe8 23. Rxg5 hxg5 24. Nc7+ Kd8 25. Nxa8 Nxf6 26. Bf3 b5 27. Rd1+
Ke7 28. h3 Bd7 29. Nc7 Bd6 30. Re1+ Kd8 31. Na8 g4 32. hxg4 Nxg4 33. Nb6 Be6 34.
Nd5 Kc8 35. Bxg4 Bxg4 36. c4 Kb7 37. cxb5 axb5 38. Nc3 Kc6 39. Ne4 Be7 40. Nd2
Be6 41. Nb3 Kd5 42. Rd1+ Ke5 43. Nd4 Bd5 44. Nxb5 h3 45. Rxd5+ Kxd5 46. gxh3 Kc4
47. Nc7 Bd8 48. Na6 Kb5 49. Nb8 Bf6 1/2-1/2

[Event "AUTO-ELITE-2300"]
[Site "http://www.queenalice.com/game.php?id=1639152"]
[Date "2021.1.7"]
[Round "1"]
[White "C64"]
[Black "BEBADO"]
[Result "1-0"]
[WhiteElo "2712"]
[BlackElo "2241"]

1. e4 c5 2. Nf3 e6 3. d4 cxd4 4. Nxd4 a6 5. Nc3 b5 6. Bd3 Qb6 7. Nf3 Qc7 8. O-O
Bb7 9. Re1 Be7 10. e5 f5 11. Nd4 Bc5 12. Qh5+ g6 13. Qh4 Nc6 14. Nxc6 Qxc6 15.
Bf1 Rc8 16. a3 Qb6 17. Bg5 h6 18. Be3 Qd8 19. Qg3 Kf7 20. Bxc5 Rxc5 21. b4 Rc8
22. a4 Qc7 23. Ra3 1-0

[Event "AUTO-ELITE-2300"]
[Site "http://www.queenalice.com/game.php?id=1639153"]
[Date "2021.1.7"]
[Round "1"]
[White "BEBADO"]
[Black "C64"]
[Result "0-1"]
[WhiteElo "2304"]
[BlackElo "2708"]

1. e4 c5 2. Nf3 d6 3. d4 cxd4 4. Nxd4 Nf6 5. Nc3 a6 6. Be2 e5 7. Nb3 Be7 8. O-O
O-O 9. Be3 Be6 10. Qd2 Nbd7 11. f4 b5 12. f5 Bc4 13. Bd3 Qc7 14. Bxc4 bxc4 15.
Nc1 Rab8 16. Rb1 Qc6 17. Nd5 Bd8 0-1

[Event "AUTO-ELITE-2224"]
[Site "http://www.queenalice.com/game.php?id=1761621"]
[Date "2021.6.7"]
[Round "2"]
[White "ichtus"]
[Black "C64"]
[Result "1/2-1/2"]
[WhiteElo "2840"]
[BlackElo "2741"]

1. Nf3 d5 2. d4 Nf6 3. Bg5 c5 4. e3 cxd4 5. exd4 Nc6 6. Nbd2 Qb6 7. Nb3 Bg4 8.
Be2 e6 9. O-O Bd6 10. Rc1 O-O 11. Bxf6 gxf6 12. Nh4 Bxe2 13. Qxe2 Ne7 14. g3 Ng6
15. Nf3 Kg7 16. c4 dxc4 17. Rxc4 Qa6 18. Qc2 b6 19. d5 Rac8 20. Rc3 e5 21. Nfd2
1/2-1/2

[Event "AUTO-ELITE-2224"]
[Site "http://www.queenalice.com/game.php?id=1761622"]
[Date "2021.6.7"]
[Round "2"]
[White "C64"]
[Black "ichtus"]
[Result "0-1"]
[WhiteElo "2752"]
[BlackElo "2833"]

1. e4 c5 2. Nf3 d6 3. d4 cxd4 4. Nxd4 Nf6 5. Nc3 g6 6. Be3 Bg7 7. f3 O-O 8. Qd2
Nc6 9. Bc4 Bd7 10. O-O-O Rc8 11. Bb3 Nxd4 12. Bxd4 b5 13. a3 a5 14. Nd5 Nxd5 15.
Bxg7 Kxg7 16. exd5 Kg8 17. Rhe1 Rc5 18. Re3 h5 19. h3 b4 20. axb4 axb4 21. Qxb4
Qa8 22. Bc4 Ra5 23. Ra3 Rxa3 24. Qxa3 Qb7 25. Re1 Ra8 26. Qc3 Ra1+ 27. Kd2 Rxe1
28. Kxe1 Qa7 29. Kf1 Qa1+ 0-1

[Event "AUTO-ELITE-2224"]
[Site "http://www.queenalice.com/game.php?id=1761623"]
[Date "2021.6.7"]
[Round "2"]
[White "Dogeval"]
[Black "C64"]
[Result "1-0"]
[WhiteElo "2750"]
[BlackElo "2709"]

1. d4 Nf6 2. c4 e6 3. Nc3 Bb4 4. e3 O-O 5. Bd3 d5 6. Nf3 b6 7. cxd5 exd5 8. O-O
Ba6 9. Bxa6 Nxa6 10. Bd2 Qc8 11. a3 Bd6 12. Rc1 Qb7 13. b4 Rac8 14. Qb3 Rfd8 15.
Rc2 c6 16. Rfc1 Nb8 17. Ne5 Nbd7 18. Nd3 Ne4 19. a4 a6 20. Be1 1-0

[Event "AUTO-ELITE-2224"]
[Site "http://www.queenalice.com/game.php?id=1761624"]
[Date "2021.6.7"]
[Round "2"]
[White "C64"]
[Black "Dogeval"]
[Result "0-1"]
[WhiteElo "2716"]
[BlackElo "2743"]

1. e4 c5 2. Nf3 Nc6 3. Bb5 e6 4. O-O Nge7 5. Re1 Nd4 6. Nxd4 cxd4 7. d3 a6 8.
Ba4 b5 9. Bb3 Bb7 10. Nd2 Ng6 11. a4 Bb4 12. Rf1 O-O 13. f4 f5 14. exf5 Rxf5 15.
Ne4 Kh8 16. g4 Rf8 17. f5 Ne5 0-1

[Event "AUTO-OPEN-4228"]
[Site "http://www.queenalice.com/game.php?id=1762162"]
[Date "2021.6.14"]
[Round "2"]
[White "junipero"]
[Black "C64"]
[Result "0-1"]
[WhiteElo "2129"]
[BlackElo "2731"]

1. d4 Nf6 2. c4 e6 3. Nc3 Bb4 4. Bd2 O-O 5. e3 d5 6. a3 Be7 7. Nf3 b6 8. b4 dxc4
9. Bxc4 Bb7 10. O-O Nbd7 11. Rc1 c5 12. bxc5 bxc5 13. dxc5 Nxc5 14. Be2 a5 15.
Rb1 Nfe4 16. Nxe4 Bxe4 17. Bc3 Bxb1 18. Qxb1 Bf6 19. Nd4 Na4 20. Ba1 Rc8 21. Qb3
Nc5 22. Qb5 Ne4 23. Nc6 Qd6 24. Nxa5 Bxa1 25. Rxa1 Nc3 26. Qb2 Nxe2+ 27. Qxe2
Qd5 0-1

[Event "AUTO-OPEN-4228"]
[Site "http://www.queenalice.com/game.php?id=1762163"]
[Date "2021.6.14"]
[Round "2"]
[White "C64"]
[Black "junipero"]
[Result "1-0"]
[WhiteElo "2730"]
[BlackElo "2130"]

1. e4 c5 2. Nf3 Nc6 3. Bb5 d6 4. O-O Bd7 5. Re1 e5 6. c3 a6 7. Be2 Nf6 8. d4
cxd4 9. cxd4 Nxe4 10. Bc4 Nf6 11. Ng5 d5 12. dxe5 Ne4 13. Nxf7 Qb6 14. Rxe4 dxe4
15. Nxh8 Nxe5 16. Qh5+ Ng6 17. Bf7+ Kd8 18. Bxg6 hxg6 19. Nxg6 Be8 20. Qh4+ Kc7
21. Nxf8 Qb4 22. Nc3 Bc6 23. Ne6+ Kd6 24. Qg4 Rg8 25. Bf4+ Ke7 26. Rd1 Qxb2 27.
Bg5+ Kf7 28. Qf5+ 1-0

[Event "AUTO-OPEN-4228"]
[Site "http://www.queenalice.com/game.php?id=1762170"]
[Date "2021.6.14"]
[Round "2"]
[White "C64"]
[Black "danielglowinski"]
[Result "0-1"]
[WhiteElo "2744"]
[BlackElo "2551"]

1. e4 c5 2. Nf3 Nc6 3. Bb5 g6 4. O-O Bg7 5. Re1 a6 6. Bxc6 dxc6 7. h3 Nf6 8. a4
a5 9. c3 O-O 10. d4 cxd4 11. cxd4 Be6 12. Nc3 Qb6 13. Ra3 Rfd8 14. Qc2 Ne8 15.
Be3 Qa6 16. Ne2 Nd6 17. Rc3 Nc4 18. Bc1 c5 19. d5 Bxc3 0-1

[Event "AUTO-OPEN-4228"]
[Site "http://www.queenalice.com/game.php?id=1762171"]
[Date "2021.6.14"]
[Round "2"]
[White "danielglowinski"]
[Black "C64"]
[Result "1-0"]
[WhiteElo "2563"]
[BlackElo "2732"]

1. e4 c5 2. Nf3 d6 3. Bb5+ Nd7 4. O-O a6 5. Be2 Ngf6 6. d3 e6 7. h3 b5 8. Be3
Bb7 9. Nbd2 Be7 10. a4 O-O 11. axb5 axb5 12. Rxa8 Bxa8 13. c3 Qb8 14. Qc2 d5 15.
Ra1 Rc8 16. Qb1 b4 17. Qc2 Bb7 18. Qa4 Qc7 19. Qc2 1-0